MARC details
| 000 -LEADER |
| fixed length control field |
01848nam a22001817a 4500 |
| 003 - CONTROL NUMBER IDENTIFIER |
| control field |
GBCCL |
| 005 - DATE AND TIME OF LATEST TRANSACTION |
| control field |
20241126110605.0 |
| 008 - FIXED-LENGTH DATA ELEMENTS--GENERAL INFORMATION |
| fixed length control field |
171208b xxu||||| |||| 00| 0 eng d |
| 040 ## - CATALOGING SOURCE |
| Transcribing agency |
gbc |
| 082 ## - DEWEY DECIMAL CLASSIFICATION NUMBER |
| Classification number |
220.7 |
| Item number |
LAY |
| 245 ## - TITLE STATEMENT |
| Title |
The layman's Bible Commentary/ |
| Statement of responsibility, etc. |
Balmer H. Kelly, editor ; Donald G. Miller, Arnold B. Rhodes, associate editors. |
| 260 ## - PUBLICATION, DISTRIBUTION, ETC. |
| Place of publication, distribution, etc. |
Richmond: |
| Name of publisher, distributor, etc. |
John Knox Press, |
| Date of publication, distribution, etc. |
1972 |
| 300 ## - PHYSICAL DESCRIPTION |
| Extent |
25v. |
| Dimensions |
18 cm. |
| 440 ## - SERIES STATEMENT/ADDED ENTRY--TITLE |
| Title |
The Layman's Bible Commentary |
| 9 (RLIN) |
11661 |
| 505 ## - FORMATTED CONTENTS NOTE |
| Formatted contents note |
v. 1. Introduction to the Bible --<br/>v. 2. Genesis / Charles T. Fritsch --<br/>v. 3. Exodus / B. Davie Napier --<br/>v. 4. Leviticus, Numbers / James L. Mays --<br/>v. 5. Deuteronomy, Joshua / Edward P. Blair --<br/>v. 6. Judges, Ruth, I and II Samuel / Eric C. Rust --<br/>v. 7 . I and II Kings, I and II Chronicles / Robert C. Dentan --<br/>v. 8. Ezra, Nehemiah, Esther, Job / Balmer H. Kelly --<br/>v. 9. Psalms / Arnold B. Rhodes --<br/>v. 10. Proverbs, Ecclesiastes, Song of Solomon / J. Coert Rylaardsdam --<br/>v. 11. Isaiah / G. Ernest Wright --<br/>v. 12. Jeremiah, Lamentations / Howard T. Kuist --<br/>v. 13. Ezekiel, Daniel / Carl G. Howie --<br/>v. 14. Hosea, Joel, Amos, Obadiah, Jonah / Jacob M. Myers --<br/>v. 15. Micah, Nahum, Habakkuk, Zephaniah, Haggai, Zechariah, Malachi / James H. Gailey, Jr. --<br/>v. 16. Matthew / Suzanne de Dietrich --<br/>v. 17. Mark / Paul S. Minear --<br/>v. 18. Luke / Donald G. Miller --<br/>v. 19. John / Floyd V. Filson --<br/>v. 20. Acts of the Apostles / Albert C. Winn --<br/>v. 21. Romans, I and II Corinthians / Kenneth J. Foreman --<br/>v. 22. Galatians, Ephesians, Philippians, Colossians / Archibald M. Hunter --<br/>v. 23. I and II Thessalonians, I and II Timothy, Titus, Philemon / Holmes Rolston --<br/>v. 24. Hebrews, James, I and II Peter / John Wick Bowman --<br/>v. 25. I, II and III John, Jude, Revelation / Julian Price Love |
| 650 ## - SUBJECT ADDED ENTRY--TOPICAL TERM |
| Topical term or geographic name entry element |
.Bible |
| Form subdivision |
commentaries |
| 9 (RLIN) |
11662 |
| 942 ## - ADDED ENTRY ELEMENTS (KOHA) |
| Source of classification or shelving scheme |
Dewey Decimal Classification |
| Koha item type |
Books |
| Koha issues (borrowed), all copies |
14 |